| 000 | 01130namaa2200301 i 4500 | ||
|---|---|---|---|
| 003 | EG-GICUC | ||
| 005 | 20260426134800.0 | ||
| 008 | 260426s1992 ly |||jr|||| 001 0 ara d | ||
| 020 | _a9973101057 | ||
| 040 |
_aEG-GiCUC _bara _cEG-GiCUC _dEG-GiCUC _erda |
||
| 082 | 0 | 4 |
_221 _a811 _bY959 |
| 092 | 0 | 4 |
_221 _a811 _bY959 |
| 099 | _a811 Y959 | ||
| 100 | 1 |
_aاليوسفى، محمد لطفى _d1951- _eمؤلف. |
|
| 245 | 1 | 2 |
_aالشعر والشعرية : _bالفلاسفة والمفكرون العرب ما أنجزوه وما هفوا إليه / _cمحمد لطفى اليوسفى. |
| 264 |
_aطرابلس (ليبيا) : _bالدار العربية للكتاب، _c1992. |
||
| 300 |
_a471 صفحة _b؛ _c24 سم |
||
| 336 |
_2rdacontent _atext |
||
| 337 |
_2rdamedia _aUnmediated |
||
| 338 |
_2rdacarrier _avolume |
||
| 490 | _aمصادر الفلسفة | ||
| 504 | _aيشتمل على ارجاعات ببليوجرافية وفهارس. | ||
| 541 |
_aد. جابر عصفور ؛ _bالقاهرة ؛ _cإهداء ؛ _d2024. |
||
| 650 | 1 | 7 |
_aالشعر _2qrmak |
| 651 | 1 | _2qrmak | |
| 905 | _aAya | ||
| 942 |
_2ddc _cBK _e21 _n0 |
||
| 999 |
_c179738 _d179738 |
||